| Tag |
First Indicator |
Second Indicator |
Subfields |
| LEADER |
00000cam a2200000 i 4500 |
| 001 |
in00004792181 |
| 003 |
OCoLC |
| 005 |
20240610161403.7 |
| 008 |
230629t20242024enkg 000 p eng d |
| 035 |
|
|
|a (OCoLC)1387009719
|
| 040 |
|
|
|a YDX
|e rda
|c YDX
|d COO
|d BWK
|
| 020 |
|
|
|a 9781780376905
|q paperback
|
| 020 |
|
|
|a 1780376901
|q paperback
|
| 020 |
|
|
|z 9781780376912
|q electronic book
|
| 020 |
|
|
|z 178037691X
|q electronic book
|
| 050 |
|
4 |
|a PR6112.Y35
|b D39 2024
|
| 082 |
0 |
|
|a 821/.92
|2 23
|
| 100 |
1 |
|
|a Lyall, Aoife,
|d 1987-
|e author.
|
| 245 |
1 |
4 |
|a The day before /
|c Aoife Lyall.
|
| 264 |
|
1 |
|a Hexham, Northumberland, UK :
|b Bloodaxe Books,
|c [2024].
|
| 264 |
|
4 |
|c ©2024.
|
| 300 |
|
|
|a 63 pages :
|b music ;
|c 24 cm.
|
| 336 |
|
|
|a text
|b txt
|2 rdacontent
|
| 336 |
|
|
|a notated music
|b ntm
|2 rdacontent
|
| 337 |
|
|
|a unmediated
|b n
|2 rdamedia
|
| 338 |
|
|
|a volume
|b nc
|2 rdacarrier
|
| 520 |
|
|
|a These intimate and meticulous poems mark the lived experience of someone who must navigate a world she no longer understands, exploring first steps and last breaths, milestones, millstones, emigration, fly-tipping and the entire world to be found in the space behind the front door. Tender, challenging and historically significant, The Day Before asks what it means when home is the one place you cannot leave, and the one place you cannot go.
|
| 650 |
|
0 |
|a Poetry, Modern
|y 21st century.
|
| 945 |
|
|
|b 87639
|
| 947 |
|
|
|a A14852491761
|
| 948 |
|
|
|a dmitchel 6/10/24 11.10.20
|
| 980 |
|
|
|b print
|c 40032286959
|f LIT/B
|g 565714
|k USD
|m 13.56
|q 1
|s AcqMono Conventional
|t Approval plan
|u Vendor order reference number
|v ZYBP
|y Print approval
|z Physical resource
|
| 999 |
f |
f |
|i a8b585dd-68f6-45c7-978b-4104d1f22cec
|s 8172f3c9-5101-4988-9ace-ad929b885d00
|t 0
|
| 952 |
f |
f |
|p normal
|a Texas A&M University
|b College Station
|c Sterling C. Evans Library
|d Evans: Library Stacks
|t 0
|e PR6112.Y35 D39 2024
|h Library of Congress classification
|i unmediated -- volume
|m A14852491761
|
| 998 |
f |
f |
|a PR6112.Y35 D39 2024
|t 0
|l Evans: Library Stacks
|